| 000 | 00340nam a2200133Ia 4500 | ||
|---|---|---|---|
| 008 | 150202s9999 xx 000 0 und d | ||
| 020 | _a6472575 | ||
| 050 |
_aFIC _bFIC |
||
| 100 | _aSmith, Martin Cruz. | ||
| 245 |
_aRed square / _cMartin Cruz Smith. |
||
| 260 |
_aLondon : _c1992. |
||
| 300 |
_a473 pages : _c18 cm. |
||
| 650 | _aFiction. | ||
| 999 |
_c282405 _d282405 |
||